000
00292nam a22001337a 4500
008
180227b xxu||||| |||| 00| 0 eng d
020
_a
037038010954
041
_a
eng
080
_a
574
100
_a
9
101
_a
mje
245
_a
gardening vegetables herbs
_c
dick.r
942
_2
udc
_c
BK
999
_c
43539
_d
43539